Quelle langue est-ce ? - Clic quiz - Statistiques

Statistiques générales
  • Ce quiz a été pris 96 fois
  • Le résultat moyen est 12 sur 33
Statistiques - réponses
Hint Réponse % Correct
La langue de Molière Français
99%
La langue de Shakespeare Anglais
79%
La langue de Tolstoï Russe
77%
La langue du Coran Arabe
76%
La langue de Moïse Hébreu
73%
La langue d'Homère Grec
71%
La langue de Gœthe Allemand
63%
La langue de Cervantès Espagnol
60%
Lala ngue de Dante Italien
56%
La langue de Camões Portugais
52%
La langue d'Eminescu Roumain
52%
La langue de Chevtchenko Ukrainien
52%
La langue de Mikiewicz Polonais
51%
La langue de Confucius Chinois
49%
La langue d'Andersen Danois
47%
La langue de Mishima Japonais
41%
La langue de Sejong Coréen
40%
La langue des troubadours Occitan
33%
La langue de Mistral Provençal
31%
La langue de Prešeren Slovène
31%
La langue de Strindberg Suédois
28%
La langue de Vondel Néerlandais
23%
La langue de Roparz Hemon Breton
11%
La langue de Massinissa Kabyle
9%
La langue de Kalemela Finnois
8%
La langue d'Ibsen Norvégien
8%
La langue de Hadraawi Somali
8%
La langue de Wace Normand
7%
La langue de Lulle Catalan
5%
La langue de Rainis Letton
4%
La langue de Ferdowsi Persan
4%
La langue de Mashtots Arménien
1%
La langue de Rancher Niçois
0%
Aucun quiz correspondant
Distribution des résultats
% des personnes avec chaque résultat
Percentile par nombre de réponses
Votre historique - résultats
Vous n’avez pas pris ce quiz